Okekel - Wczoraj (refren) - Statystyki

Ogólne statystyki
  • Ten quiz został rozwiązany 13 razy
  • Średni wynik to 14 z 23
Statystyki odpowiedzi
Hint Odpowiedź % Poprawnych
nie pisz do ... mnie
88%
że się go ... boję
75%
Yeah, dzisiaj nie mam ... siły
75%
wczoraj rozj**ałem ... stage
75%
taką mam ... urodę
75%
szybka ... zawijka
75%
kocham go ... bardzo
63%
pyta się ... synu gdzie jesteś
63%
dlatego ... jestem w ... jak niej
63%
myśli mnie ... jedzą
63%
czasami tak ... jest
63%
tata się ... martwi
63%
ciota mi ... mówi
63%
jest ... samotny
63%
pierwsza unikaj... Warszawę
63%
powiedz, że ... kasę zarabiam
63%
dzwoni mi co ... 5 minut
50%
nie ma ... dla ... mnie ciebie
50%
dlatego uważam na ... przypał
50%
dostałem ... od ... radę starszych
50%
wiem ile mam do ... stracenia
50%
nie wie chyba co to ... w ... strach oczach
50%
chodzę ... zamulony
50%
Nie znaleziono quizów pasujących do podanych kryteriów
Rozkład punktacji
Procent ludzi z każdym wynikiem
Percentyl według liczby udzielonych odpowiedzi
Twoja historia wyników
Nie rozwiązałeś tego quizu